Statistics for Best soccer players in the spainish league

Click here to take the quiz!

General Stats

  • This quiz has been taken 93 times
  • The average score is 9 of 30

Answer Stats

HintAnswer% Correct
1Messi
94%
2Ronaldo
90%
7Iniesta
71%
18Ramos
67%
21Suarez
67%
22Neymar
66%
29Pique
61%
8Xavi
57%
27Casillas
44%
12Puyol
35%
17Raul
30%
4Ronaldinho
28%
11Villa
28%
13Torres
25%
6Zidane
25%
25Carlos
19%
5Cruyff
18%
3Di Stefano
16%
19Eto'o
14%
30Puskas
11%
26Alonso
10%
9Kaka
10%
24Forlan
8%
23Gento
6%
16Falcao
4%
28Abidal
3%
15Kabula
3%
20Saurez
3%
10C.Ronaldo
1%
14Laudrup
1%

Score Distribution

Percentile by Number Answered

Percent of People with Each Score

Your Score History

You have not taken this quiz